[Event "84th Annual Southwest Open"]
[Site "Irving"]
[Date "2018.09.03"]
[Round "8"]
[White "Lin, Andy"]
[Black "Kumar, Naman"]
[Result "1-0"]
[WhiteElo "2274"]
[BlackElo "1914"]
[Annotator "NA"]
[PlyCount "79"]
[EventDate "2018.08.31"]
[EventType "swiss"]
[EventCountry "USA"]
[SourceTitle "playchess.com"]
[Source "ChessBase"]
[SourceQuality "1"]
[TimeControl "5400+30"]

1. Nf3 {[%emt 0:01:07]} Nf6 {[%emt 0:01:40]} 2. g3 {[%emt 0:00:06]} g6 {[%emt 0:00:38]} 3. b3 {[%emt 0:00:04]} Bg7 {[%emt 0:00:54]} 4. Bb2 {[%emt 0:00:04]} O-O {[%emt 0:00:53]} 5. Bg2 {[%emt 0:00:03]} d6 {[%emt 0:01:50]} 6. d4 {[%emt 0:00:05]} Nbd7 {[%emt 0:01:04]} 7. O-O {[%emt 0:00:07]} e5 {[%emt 0:00:22]} 8. dxe5 {[%emt 0:00:05]} Ng4 {[%emt 0:00:20]} 9. Qd2 {[%emt 0:00:24]} Rb8 {[%emt 0:07:33] A49: 1 d4 Nf6 2 Nf3 g6 3 g3: Anti-King's Indian systems} (9... Ndxe5 10. c4 Re8 11. Nc3 a5 12. Rad1 Bh6 13. Qc2 Bf5 14. e4 Nxf3+ 15. Bxf3 Bd7 16. Bg2 Bg7 17. h3 {1-0 (41) Meier,G (2632)-Amin,B (2635) Dubai 2014}) 10. c4 {[%emt 0:01:40]} Ngxe5 {[%emt 0:00:19]} 11. Nd4 $146 {[%emt 0:01:54]} ({Predecessor:} 11. Nc3 a6 12. Nxe5 dxe5 13. Rfd1 c6 14. Ne4 Qe7 15. a4 Nf6 16. Qg5 h6 17. Qxe5 Qxe5 18. Bxe5 Nxe4 19. Bxb8 Bxa1 20. Bxe4 {1-0 (37) Kosic,D (2455)-Jovanovic,S (2290) Arandjelovac 1993}) 11... Nc5 {[%emt 1:19:57]} 12. Nc3 {[%emt 0:01:08]} Ne6 {[%emt 0:00:00]} 13. Nc2 {[%emt 0:00:24]} a6 {[%emt 0:00:00]} 14. Ne3 {[%emt 0:01:54]} f5 {[%emt 0:00:00]} 15. f4 {[%emt 0:04:51]} Nc6 {[%emt 0:02:00]} 16. Na4 {[%emt 1:24:04]} Re8 {[%emt 0:00:00]} (16... Ncd4 $11) 17. Bxg7 {[%emt 0:00:00]} Nxg7 {[%emt 0:01:00]} 18. Qc3 {[%emt 0:01:00]} Bd7 {[%emt 0:00:00]} 19. Nd5 {[%emt 0:00:00]} Rxe2 {[%emt 0:01:00]} 20. Rfe1 {[%emt 0:01:00]} Rxe1+ {[%emt 0:00:00]} 21. Rxe1 {[%emt 0:00:00]} Be6 {[%emt 0:01:00]} 22. Nb2 {[%emt 0:00:00]} ({White should try} 22. Nf6+ $16 Kh8 23. Nh5 gxh5 24. Rxe6) 22... Ne7 {[%emt 0:00:00]} (22... h6 $11 {remains equal.}) 23. Rxe6 {[%emt 0:00:00]} Nxe6 {[%emt 0:00:00]} 24. Qf6 $1 {[%emt 0:00:00]} Nxd5 {[%emt 0:00:00]} 25. Qxe6+ {[%emt 0:00:00]} Kg7 {[%emt 0:02:00]} 26. Qxd5 {[%emt 0:03:00]} ({Much worse is} 26. Bxd5 Qe8 $14) 26... Qf6 {[%emt 0:00:00]} 27. Qd2 {[%emt 0:00:30]} c6 {[%emt 0:00:00]} 28. Nd1 {[%emt 0:00:00]} Re8 {[%emt 0:00:00]} 29. Kf2 {[%emt 0:00:00]} Qe6 $16 {[%emt 0:02:00]} 30. Qd4+ {[%emt 0:01:30]} Kf7 {[%emt 0:00:00]} 31. Ne3 {[%emt 0:00:30]} a5 {[%emt 0:00:00]} 32. Bf3 {[%emt 0:00:00]} h5 {[%emt 0:00:00]} 33. h3 {[%emt 0:00:00]} Re7 {[%emt 0:00:00]} 34. Be2 {[%emt 0:00:00]} Qf6 {[%emt 0:00:00]} 35. Qd2 {[%emt 0:00:00]} Re4 {[%emt 0:00:00]} 36. Bf3 {[%emt 0:00:00]} Rd4 {[%emt 0:00:00]} 37. Qe2 {[%emt 0:00:00]} b5 {[%emt 0:00:06]} 38. cxb5 {[%emt 0:00:00]} cxb5 {[%emt 0:00:21]} 39. Nd5 {[%emt 0:00:00]} Qd8 {[%emt 0:00:43]} 40. Qe3 {[%emt 0:00:00]} 1-0

[Event "84th Annual Southwest Open"]
[Site "Irving"]
[Date "2018.09.03"]
[Round "8"]
[White "Kumar, Nikhil"]
[Black "Yim, Sung Ho"]
[Result "1-0"]
[WhiteElo "2268"]
[BlackElo "2271"]
[Annotator "NA"]
[PlyCount "59"]
[EventDate "2018.08.31"]
[EventType "swiss"]
[EventCountry "USA"]
[SourceTitle "playchess.com"]
[Source "ChessBase"]
[SourceQuality "1"]
[TimeControl "5400+30"]

1. d4 {[%emt 0:04:35]} Nf6 {[%emt 0:00:00]} 2. c4 {[%emt 0:00:16]} e6 {[%emt 0:00:00]} 3. Nf3 {[%emt 0:00:34]} d5 {[%emt 0:00:00]} 4. g3 {[%emt 0:00:35]} Be7 {[%emt 0:01:31]} 5. Bg2 {[%emt 0:00:10]} O-O {[%emt 0:00:06]} 6. O-O {[%emt 0:00:10]} dxc4 {[%emt 0:00:06]} 7. Qc2 {[%emt 0:00:11]} c6 {[%emt 0:00:51]} 8. Qxc4 {[%emt 0:00:44]} b5 {[%emt 0:00:05] E06: Katalanisch} 9. Qd3 {[%emt 0:01:08]} (9. Qc2 Bb7 10. Nc3 Nbd7 11. Rd1 Qb6 12. Ne5 Rfd8 13. Be3 Nd5 14. Nxd5 cxd5 15. Rac1 Rac8 16. Qd3 b4 17. Rxc8 Bxc8 {½-½ (41) So,W (2799)-Mamedyarov,S (2809) Berlin 2018}) 9... Bb7 {[%emt 0:01:47]} 10. a4 {[%emt 0:01:50]} a6 {[%emt 0:03:19]} 11. Nc3 {[%emt 0:05:36]} Nbd7 {[%emt 0:00:38]} 12. Bf4 {[%emt 0:01:34]} b4 {[%emt 0:04:25]} 13. Ne4 {[%emt 0:00:25]} Nxe4 {[%emt 0:13:27]} 14. Qxe4 {[%emt 0:01:00]} Nf6 {[%emt 0:00:32]} 15. Qc2 {[%emt 0:01:34]} Rc8 {[%emt 0:04:34]} 16. Rfd1 {[%emt 0:06:11]} c5 {[%emt 0:06:45]} 17. dxc5 {[%emt 0:04:37]} Qa5 $146 {[%emt 0:03:30]} ({Vorgänger:} 17... Bd5 18. c6 Rxc6 19. Qxc6 Bxc6 20. Rxd8 Rxd8 {1-0 (56) Laxman,R (2503)-Ankit,R (2298) Chennai 2010}) 18. Nd4 {[%emt 0:03:36]} Bxg2 {[%emt 0:05:43]} ({Better is} 18... Rxc5 $14 19. Qd2 Qb6) 19. Nb3 {[%emt 0:01:03]} Qb6 {[%emt 0:18:45]} 20. cxb6 {[%emt 0:03:09]} Rxc2 {[%emt 0:00:06]} 21. Kxg2 {[%emt 0:00:26]} Rxe2 {[%emt 0:14:08]} 22. Nd4 {[%emt 0:01:38]} Rxb2 {[%emt 0:02:16]} 23. b7 {[%emt 0:01:53]} Ng4 {[%emt 0:04:18]} 24. h3 {[%emt 0:06:54]} Nxf2 {[%emt 0:03:34]} 25. Rdb1 {[%emt 0:00:19]} Nd3+ $18 {[%emt 0:01:37]} 26. Rxb2 {[%emt 0:00:23]} Nxb2 {[%emt 0:00:02]} 27. Nc6 {[%emt 0:03:40]} Bf6 {[%emt 0:00:31]} 28. b8=Q {[%emt 0:01:13]} Rxb8 {[%emt 0:00:02]} 29. Bxb8 {[%emt 0:00:20]} b3 {[%emt 0:01:00]} 30. Be5 {[%emt 0:03:36]} 1-0

[Event "84th Annual Southwest Open"]
[Site "Irving"]
[Date "2018.09.03"]
[Round "8"]
[White "Easton, Jack"]
[Black "Hung, Daniel"]
[Result "1/2-1/2"]
[WhiteElo "2262"]
[BlackElo "2104"]
[Annotator "NA"]
[PlyCount "83"]
[EventDate "2018.08.31"]
[EventType "swiss"]
[EventCountry "USA"]
[SourceTitle "playchess.com"]
[Source "ChessBase"]
[SourceQuality "1"]
[TimeControl "5400+30"]

1. d4 {[%emt 0:00:00]} d5 {[%emt 0:00:35]} 2. c4 {[%emt 0:00:00]} dxc4 {[%emt 0:00:03]} 3. Nf3 {[%emt 0:00:00]} c5 {[%emt 0:04:46]} 4. e3 {[%emt 0:00:00]} cxd4 {[%emt 0:00:06]} 5. Bxc4 {[%emt 0:00:00]} Qc7 {[%emt 0:00:09]} 6. Qb3 {[%emt 0:00:00]} e6 {[%emt 0:00:08]} 7. exd4 {[%emt 0:00:00]} Nf6 {[%emt 0:01:05] D21: Queen's Gambit Accepted: 3 Nf3 sidelines} 8. Nc3 {[%emt 0:00:03]} (8. O-O Be7 9. Nc3 a6 10. Be3 O-O 11. Rac1 Nc6 12. Be2 Rd8 13. Rfd1 Ng4 14. Na4 Nxe3 15. fxe3 {0-1 (40) Spraggett,K (2595)-Gajewski,G (2628) Barcelona 2012}) 8... a6 {[%emt 0:00:10]} 9. Bd3 {[%emt 0:00:58]} Nc6 {[%emt 0:05:31]} 10. O-O {[%emt 0:00:06]} Be7 {[%emt 0:00:43]} 11. Bd2 {[%emt 0:01:18]} O-O {[%emt 0:01:56]} 12. Rac1 {[%emt 0:00:18]} Qd7 $146 {[%emt 0:30:53]} ({Predecessor:} 12... Rd8 13. Ne4 Qb8 14. Rfe1 Bd7 15. Nc5 Be8 16. Be3 {1-0 (85) Rocha,W (2325)-Lima,D (2475) Rio de Janeiro 1998}) 13. Ne2 {[%emt 0:29:10]} Rd8 {[%emt 0:13:04]} 14. Rfd1 {[%emt 0:13:28]} b5 {[%emt 0:12:52]} 15. Bb1 {[%emt 0:06:33]} Bb7 {[%emt 0:04:56]} 16. Be1 {[%emt 0:14:17]} Rac8 {[%emt 0:05:04]} 17. Qe3 {[%emt 0:01:50]} h6 {[%emt 0:03:22]} 18. a3 {[%emt 0:05:19]} Bf8 {[%emt 0:03:10]} 19. h3 {[%emt 0:02:25]} Ne7 {[%emt 0:01:34]} 20. Rxc8 {[%emt 0:01:22]} Rxc8 {[%emt 0:00:23]} 21. Ne5 {[%emt 0:00:44]} Qe8 {[%emt 0:00:12]} 22. Nf4 {[%emt 0:02:33]} Ned5 {[%emt 0:00:37]} 23. Nxd5 {[%emt 0:00:14]} Bxd5 {[%emt 0:00:07]} 24. Rc1 {[%emt 0:03:30]} Rxc1 {[%emt 0:02:55]} 25. Qxc1 {[%emt 0:00:01]} Be4 {[%emt 0:00:27]} 26. Bxe4 {[%emt 0:02:11]} Nxe4 {[%emt 0:00:05]} 27. Qc7 {[%emt 0:09:02]} Bd6 {[%emt 0:03:11]} 28. Qb7 {[%emt 0:00:42]} Bxe5 {[%emt 0:00:41]} 29. dxe5 {[%emt 0:00:01]} Nc5 {[%emt 0:00:48]} 30. Qb6 {[%emt 0:00:09]} Qc8 {[%emt 0:00:29]} 31. Bd2 {[%emt 0:06:59]} Na4 {[%emt 0:03:03]} 32. Qd4 {[%emt 0:00:08]} Qc5 {[%emt 0:00:47]} 33. Qd8+ {[%emt 0:01:14]} Kh7 {[%emt 0:00:13]} 34. Qd3+ {[%emt 0:00:01]} Kg8 {[%emt 0:00:15]} 35. Qd8+ {[%emt 0:02:20]} Kh7 {[%emt 0:02:15]} 36. b3 {[%emt 0:00:30]} Nb2 {[%emt 0:00:48]} 37. Qd6 {[%emt 0:00:04]} Qc2 {[%emt 0:00:20]} 38. Qb4 {[%emt 0:00:59]} Nd3 {[%emt 0:00:46]} 39. Qe4+ {[%emt 0:00:07]} Kg8 {[%emt 0:00:09]} 40. Qa8+ {[%emt 0:00:45]} Kh7 {[%emt 0:00:07]} 41. Qe4+ {[%emt 0:00:36]} Kg8 {[%emt 0:00:13]} 42. Qa8+ $11 {[%emt 0:00:27]} 1/2-1/2

[Event "84th Annual Southwest Open"]
[Site "Irving"]
[Date "2018.09.03"]
[Round "8"]
[White "Wang, Jason"]
[Black "Berczes, David"]
[Result "0-1"]
[WhiteElo "2184"]
[BlackElo "2501"]
[Annotator "TA"]
[PlyCount "128"]
[EventDate "2018.08.31"]
[EventType "swiss"]
[EventCountry "USA"]
[SourceTitle "playchess.com"]
[Source "ChessBase"]
[SourceQuality "1"]

{[%evp 9,128,14,8,-6,-1,-4,4,3,22,0,46,46,39,22,58,26,56,22,22,17,31,35,69,17,42,52,53,47,49,47,161,73,72,0,0,0,55,0,0,-4,-4,-5,0,0,0,0,0,0,14,-15,-18,-14,0,0,0,0,-1,0,0,0,0,0,0,0,10,0,0,0,0,0,8,8,8,8,8,8,8,0,8,0,6,0,0,0,0,0,0,-8,0,0,0,-8,0,-8,-8,-8,0,0,0,0,0,0,0,-1564,-1547,-1344,-1261,-950,-2492,-2305,-2250,-6406,-5016,-5604,-3030,-29980,-29981,-29980,-29980,-29986,-29987]} 1. d4 e6 2. c4 Bb4+ 3. Nd2 Nf6 4. Ngf3 O-O 5. Qc2 c5 6. a3 {E11: Damenindisch (Bogoljubow-Variante)} (6. dxc5 Bxc5 7. a3 b6 8. b4 Be7 9. Bb2 d6 10. g4 Bb7 11. g5 Nh5 12. e3 a5 13. Rd1 axb4 14. axb4 {1-0 (65) Mamedyarov,S (2729)-Dominguez Perez,L (2725) London 2012 CBM 151 [Krasenkow,M]}) 6... Bxd2+ $1 7. Bxd2 cxd4 8. Nxd4 {Die Stellung ist ausgeglichen.} d5 9. e3 a6 $146 ({Vorgänger:} 9... e5 10. Nf3 Nc6 11. cxd5 Nxd5 12. Be2 Be6 13. O-O Rc8 {1-0 (35) Koch,T-Kronsfoth,S Muenster 1989}) 10. cxd5 Qxd5 11. Rd1 {zielt auf Lb4 ab.} Re8 12. Nf3 Nbd7 13. Bc3 Qc6 14. Be2 $36 {[%mdl 2048] Weiss steht aktiver.} e5 15. O-O Nf8 16. Nd2 ({Günstiger ist} 16. Rc1 $14) 16... Ng6 17. Bd3 Bg4 18. Rc1 Rad8 19. Ne4 Nh4 (19... Nd5 $14) 20. f3 (20. Nxf6+ $18 Qxf6 21. Bxh7+ Kh8 22. Be4) 20... Bf5 $16 {Droht ...Txd3!} 21. Nxf6+ (21. Ba5 $16 Qxc2 22. Nxf6+ (22. Bxc2 Rc8 $16) 22... gxf6 23. Bxc2) 21... Qxf6 $11 22. Be4 Qg6 ({Lieber} 22... Qg5 $11) 23. Bxf5 (23. Qf2 $14 Bxe4 24. fxe4 Qxe4 25. Be1) 23... Nxf5 24. Rfe1 e4 25. fxe4 Nh4 {[#] ...Sf3+ ist eine echte Drohung.} 26. Rf1 {Droht stark Tf4.} Rxe4 27. Rf4 Rxf4 28. exf4 Qg4 29. Qf2 Rd3 {[#] Weiss muss nun ...Sf3+ beachten.} 30. Kh1 h6 31. Re1 Nf5 32. Qe2 Qxe2 33. Rxe2 {[%mdl 4096] Endspiel KTL-KTS} Ne3 (33... Rd1+ {seems wilder.} 34. Re1 Rxe1+ 35. Bxe1 Kf8 36. Kg1 Ne3) 34. Rd2 Rxd2 35. Bxd2 {KL-KS} Nd1 36. b3 {Mit der Idee Kg1.} Nf2+ $1 37. Kg1 Ne4 38. Bb4 f5 39. Kf1 g5 40. fxg5 hxg5 41. Ke2 Kf7 42. Ke3 Nf6 43. Kd4 Ke6 44. Be1 f4 45. b4 Nd5 46. Bd2 b5 47. Ke4 Nf6+ 48. Kd4 Nd5 49. Ke4 Nf6+ 50. Kd4 Kf5 51. Be1 g4 {[%cal Bg5g4,Bg4g3][%mdl 32]} 52. Kc5 Ke4 53. Kb6 $1 {[%cal Rb6a6]} Kd3 {Und ...Ke2 würde nun gewinnen.} 54. Kxa6 Kc4 55. Bd2 Nd5 56. h4 $2 {[%mdl 8192]} (56. Ka5 $11) 56... g3 $19 57. Be1 Ne3 58. h5 Nxg2 59. h6 Nh4 60. h7 Ng6 61. Ka5 Kd3 62. a4 bxa4 {Schwarz setzt Matt.} 63. Kxa4 Ke2 64. b5 g2 {Precision: Weiß = 53%, Schwarz = 48%.} 0-1

[Event "84th Annual Southwest Open"]
[Site "Irving"]
[Date "2018.09.03"]
[Round "8"]
[White "Vivekananthan, Anish"]
[Black "Shtembuliak, Evgeny"]
[Result "0-1"]
[WhiteElo "2132"]
[BlackElo "2518"]
[Annotator "TA"]
[PlyCount "62"]
[EventDate "2018.08.31"]
[EventType "swiss"]
[EventCountry "USA"]
[SourceTitle "playchess.com"]
[Source "ChessBase"]
[SourceQuality "1"]

{[%evp 9,62,-25,22,23,12,13,29,17,16,4,10,14,7,-61,-50,-72,-65,-72,-48,-97,-87,-141,-83,-199,-196,-218,-216,-253,-165,-145,-154,-135,-100,-90,-91,-108,-79,-92,-56,-163,-152,-287,-295,-725,-289,-718,-656,-852,-855,-856,-843,-830,-815,-705,1047]} 1. b3 Nf6 {[%cal Bg8f6,Bf6d5,Bd5f4][%mdl 32]} 2. Bb2 g6 3. e4 c5 4. e5 Nd5 5. c4 (5. Qf3 Nb4 6. Na3 Bg7 7. e6 f6 8. c3 N4c6 9. Qe3 dxe6 10. Qxc5 {½-½ (41) Morozevich,A (2665)-Andreikin,D (2712) Moscow 2018}) 5... Nf4 6. d4 {A01: Nimzowitsch-Larsen Opening} cxd4 7. Qxd4 Ne6 8. Qd2 {White has an edge.} Bg7 9. Nf3 Nc6 10. Bd3 $146 ({Predecessor:} 10. g3 Qc7 11. Qe2 Qa5+ 12. Bc3 {0-1 (36) Ligart,T (2247)-Manik,M (2448) Slovakia 2008}) 10... Qc7 11. Qe3 (11. O-O $11) 11... d6 $15 {[%cal Rd6e5]} 12. Nc3 dxe5 ({Much weaker is} 12... Nxe5 $6 13. Nxe5 dxe5 14. Nd5 $11) 13. Nd5 Qd6 14. O-O-O Ned4 15. Nd2 (15. Kb1 $142) 15... Bf5 ({Black should play} 15... Qd8 16. Kb1 f5) 16. Rhe1 {[#]} (16. Bxf5 $17 gxf5 17. f4) 16... O-O-O $1 $19 17. Kb1 e6 18. Nc3 Bxd3+ 19. Qxd3 Nb4 $36 {[%mdl 2048] Keeping White busy.} 20. Qg3 Qa6 21. Nde4 f5 22. Nc5 Qa5 23. N3a4 Nbc6 {[%cal Bb4c6,Bc6d4,Bd4e2][%mdl 32]} 24. Bxd4 ({White should try} 24. f3 $15) 24... Nxd4 25. Rxe5 {[#]} (25. Qh4 $17) 25... Ne2 $1 {[%mdl 512]} 26. Rxe2 $2 (26. Rxd8+ Qxd8 27. Qd3 Bxe5 28. Qxe2) 26... Rxd1+ 27. Kc2 Rhd8 {( -> ...R8d2+). Black is clearly winning.} 28. Qe3 f4 29. Qxf4 {[#]} Ra1 $1 {[%cal Ra1a2]} 30. Qf7 Rxa2+ 31. Kc1 Rc2+ $4 {[%mdl 40960] Precision: White = 44%, Black = 65%. . Loss on Time!?} (31... Qb4 $19 32. Nb6+ Qxb6 33. Rxa2 Bh6+ 34. Kb1 Rd1+ 35. Kc2 Qxc5 36. Kxd1 Qd4+ 37. Ke2 Qe4+ 38. Kf1 Qb1+ 39. Ke2 Qxa2+ 40. Kf3 Qxb3+ 41. Kg4 Qxc4+ 42. f4 Qd4 43. Qe8+ Qd8) 0-1

[Event "84th Annual Southwest Open"]
[Site "Irving"]
[Date "2018.09.03"]
[Round "8"]
[White "Noland, Shawn W"]
[Black "Oberoi, Shelev"]
[Result "0-1"]
[WhiteElo "2071"]
[BlackElo "1896"]
[Annotator "NA"]
[PlyCount "74"]
[EventDate "2018.08.31"]
[EventType "swiss"]
[EventCountry "USA"]
[SourceTitle "playchess.com"]
[Source "ChessBase"]
[SourceQuality "1"]
[TimeControl "5400+30"]

1. e4 {[%emt 0:06:42]} e5 {[%emt 0:00:00]} 2. f4 {[%emt 0:00:40]} exf4 {[%emt 0:00:00]} 3. Nf3 {[%emt 0:00:06]} c6 {[%emt 0:00:00]} 4. d4 {[%emt 0:05:01]} d5 {[%emt 0:00:41]} 5. exd5 {[%emt 0:05:43]} cxd5 {[%emt 0:01:14]} 6. Bxf4 {[%emt 0:00:08]} Bd6 {[%emt 0:04:46]} 7. Qd2 {[%emt 0:05:15]} Ne7 {[%emt 0:11:57]} 8. Bd3 {[%emt 0:08:10]} O-O {[%emt 0:04:40]} 9. O-O {[%emt 0:00:55]} Ng6 {[%emt 0:03:46]} 10. Bg5 {[%emt 0:04:54]} f6 {[%emt 0:08:14]} 11. Be3 {[%emt 0:05:48]} Be6 {[%emt 0:12:44]} 12. Qf2 {[%emt 0:02:13]} Nf4 $16 {[%emt 0:12:07]} (12... Nc6 $11) 13. Bxf4 {[%emt 0:15:36]} Bxf4 {[%emt 0:01:02]} 14. Nh4 {[%emt 0:05:37]} Bc7 {[%emt 0:06:09]} 15. Nf5 {[%emt 0:04:11]} g6 {[%emt 0:06:57]} 16. Nh4 {[%emt 0:03:21]} Nc6 {[%emt 0:01:07]} 17. c3 {[%emt 0:00:46]} Qd6 {[%emt 0:02:11]} 18. g3 {[%emt 0:01:22]} f5 {[%emt 0:05:03]} 19. Na3 {[%emt 0:06:23]} a6 {[%emt 0:03:38]} 20. Qe3 {[%emt 0:05:06]} Rae8 {[%emt 0:05:17]} 21. Qh6 {[%emt 0:02:38]} Qd7 {[%emt 0:00:44]} 22. Rae1 {[%emt 0:01:48]} Qg7 {[%emt 0:02:03]} 23. Qxg7+ {[%emt 0:02:02]} Kxg7 {[%emt 0:00:02]} 24. Ng2 {[%emt 0:00:03]} Bf7 {[%emt 0:02:07]} 25. Nc2 {[%emt 0:00:55]} h6 {[%emt 0:01:00]} 26. Rf3 {[%emt 0:02:36]} Rxe1+ {[%emt 0:00:37]} 27. Ncxe1 {[%emt 0:00:11]} Re8 {[%emt 0:00:24]} 28. Kf2 {[%emt 0:00:10]} Nb8 {[%emt 0:01:09]} 29. Nh4 {[%emt 0:00:38]} Re6 {[%emt 0:01:11]} 30. Re3 {[%emt 0:01:07]} Rb6 {[%emt 0:00:50]} 31. b3 {[%emt 0:00:36]} Rc6 {[%emt 0:00:34]} 32. Bf1 {[%emt 0:00:57]} Nd7 {[%emt 0:01:00]} 33. Bg2 {[%emt 0:01:03]} Nf6 {[%emt 0:00:18]} 34. c4 {[%emt 0:01:46]} Ng4+ {[%emt 0:00:17]} 35. Ke2 {[%emt 0:00:07]} Nxe3 {[%emt 0:00:12]} 36. Kxe3 {[%emt 0:00:02]} Re6+ {[%emt 0:00:55]} 37. Kd2 {[%emt 0:00:01]} Ba5+ {[%emt 0:00:07]} 0-1

[Event "84th Annual Southwest Open"]
[Site "Irving"]
[Date "2018.09.03"]
[Round "8"]
[White "Sanchez, Robert"]
[Black "Free, Graham"]
[Result "1/2-1/2"]
[WhiteElo "1834"]
[BlackElo "1926"]
[Annotator "NA"]
[PlyCount "21"]
[EventDate "2018.08.31"]
[EventType "swiss"]
[EventCountry "USA"]
[SourceTitle "playchess.com"]
[Source "ChessBase"]
[SourceQuality "1"]
[TimeControl "5400+30"]

1. e4 {[%emt 0:09:26]} c6 {[%emt 0:00:00]} 2. d4 {[%emt 0:00:24]} d5 {[%emt 0:00:00]} 3. exd5 {[%emt 0:00:10]} cxd5 {[%emt 0:00:00]} 4. Bd3 {[%emt 0:00:19]} Nc6 {[%emt 0:00:00]} 5. c3 {[%emt 0:00:07]} Qc7 {[%emt 0:00:34]} 6. Nf3 {[%emt 0:02:04]} Bg4 {[%emt 0:00:30]} 7. h3 {[%emt 0:00:02]} Bh5 {[%emt 0:00:32]} 8. O-O {[%emt 0:00:27]} e6 {[%emt 0:00:23]} 9. Re1 {[%emt 0:01:18]} Bd6 {[%emt 0:03:06]} 10. Nbd2 {[%emt 0:00:42]} Nge7 {[%emt 0:01:25]} 11. Nf1 {[%emt 0:00:37]} 1/2-1/2

[Event "84th Annual Southwest Open"]
[Site "Irving"]
[Date "2018.09.03"]
[Round "8"]
[White "Huang, Max"]
[Black "Findlay, Ian T"]
[Result "0-1"]
[WhiteElo "1805"]
[BlackElo "2263"]
[Annotator "NA"]
[PlyCount "82"]
[EventDate "2018.08.31"]
[EventType "swiss"]
[EventCountry "USA"]
[SourceTitle "playchess.com"]
[Source "ChessBase"]
[SourceQuality "1"]
[TimeControl "5400+30"]

1. d4 {[%emt 0:00:00]} Nf6 {[%emt 0:00:00]} 2. c4 {[%emt 0:00:00]} c5 {[%emt 0:00:00]} 3. d5 {[%emt 0:00:00]} e6 {[%emt 0:00:00]} 4. Nc3 {[%emt 0:00:00]} exd5 {[%emt 0:00:00]} 5. cxd5 {[%emt 0:00:00]} d6 {[%emt 0:00:04]} 6. e4 {[%emt 0:00:02]} g6 {[%emt 0:00:07]} 7. Bd3 {[%emt 0:00:08]} Bg7 {[%emt 0:00:09]} 8. h3 {[%emt 0:00:03] A65: Modern Benoni: 6 e4} a6 {[%emt 0:00:35]} 9. a4 {[%emt 0:00:05]} Nbd7 {[%emt 0:00:21]} 10. Nf3 {[%emt 0:00:26]} Nh5 {[%emt 0:00:09]} 11. O-O {[%emt 0:02:13]} Ne5 {[%emt 0:00:07]} 12. Be2 {[%emt 0:01:14]} Nxf3+ {[%emt 0:01:39]} 13. Bxf3 {[%emt 0:00:07]} Qh4 {[%emt 0:00:09]} 14. Bxh5 {[%emt 0:13:11]} gxh5 {[%emt 0:00:03] [#]} 15. Ne2 $146 {[%emt 0:02:08]} Rg8 {[%emt 0:20:01] [#]} 16. Ra3 $1 {[%emt 0:06:21]} Be5 {[%emt 0:02:33]} 17. Ng3 {[%emt 0:00:16]} Bxh3 $1 {[%emt 0:10:31]} 18. gxh3 {[%emt 0:03:11]} Qxh3 {[%emt 0:01:47]} 19. Qf3 {[%emt 0:01:52]} h4 {[%emt 0:06:53]} 20. Qf5 {[%emt 0:15:58]} Qxf5 {[%emt 0:01:32]} 21. exf5 {[%emt 0:00:00]} hxg3 {[%emt 0:00:19]} 22. f4 {[%emt 0:03:14]} Bf6 {[%emt 0:03:41]} 23. Kg2 {[%emt 0:01:33]} h5 {[%emt 0:00:58]} 24. Rxg3 {[%emt 0:02:13]} Kd7 {[%emt 0:03:23]} 25. Rg5 {[%emt 0:02:52]} Rae8 {[%emt 0:01:02]} 26. Kh3 {[%emt 0:05:47]} Bxg5 {[%emt 0:03:11]} 27. fxg5 {[%emt 0:00:07]} Re5 {[%emt 0:03:12]} 28. Kh4 {[%emt 0:00:38]} Rxd5 {[%emt 0:00:41]} 29. Kxh5 {[%emt 0:00:27]} Rh8+ {[%emt 0:00:29]} 30. Kg4 {[%emt 0:00:04]} Rd4+ {[%emt 0:00:10]} 31. Rf4 {[%emt 0:03:18]} Rxf4+ {[%emt 0:04:58]} 32. Bxf4 {[%emt 0:00:08]} b5 {[%emt 0:01:04]} 33. axb5 $19 {[%emt 0:00:49]} axb5 {[%emt 0:00:04]} 34. g6 {[%emt 0:00:13]} fxg6 {[%emt 0:00:09]} 35. fxg6 {[%emt 0:00:12]} Ke6 {[%emt 0:00:15]} 36. Kg5 {[%emt 0:00:11]} Rh1 {[%emt 0:01:05]} 37. g7 {[%emt 0:00:39]} Rg1+ {[%emt 0:00:28]} 38. Kh6 {[%emt 0:00:32]} Kf7 {[%emt 0:00:08]} 39. Bxd6 {[%emt 0:00:37]} Rg6+ {[%emt 0:00:10]} 40. Kh7 {[%emt 0:01:33]} Rxg7+ {[%emt 0:00:12]} 41. Kh8 {[%emt 0:00:04]} Rg6 {[%emt 0:00:31]} 0-1

[Event "84th Annual Southwest Open"]
[Site "Irving"]
[Date "2018.09.04"]
[Round "9"]
[White "Xiong, Jeffery"]
[Black "Hilby, Craig"]
[Result "1/2-1/2"]
[WhiteElo "2650"]
[BlackElo "2420"]
[Annotator "TA"]
[PlyCount "57"]
[EventDate "2018.08.31"]
[EventType "swiss"]
[EventCountry "USA"]
[SourceTitle "playchess.com"]
[Source "ChessBase"]
[SourceQuality "1"]

{[%evp 21,57,0,-14,0,0,0,1,1,14,10,30,29,40,30,43,10,17,0,-14,-15,-18,-13,-10,-41,-31,-59,0,0,0,0,0,0,0,-21,-25,-18,-21,-39]} 1. d4 Nf6 2. c4 g6 3. Nc3 d5 4. Bg5 Ne4 5. Bh4 Nxc3 6. bxc3 dxc4 7. e3 Be6 8. Be2 {D80: Grünfeldindisch (4.Lg5)} Nd7 9. Nf3 Bg7 10. O-O O-O 11. e4 Nb6 {LiveBook: 8 Partien} 12. h3 $146 ({Vorgänger:} 12. Nd2 Qe8 13. Rc1 Rd8 14. d5 Bh6 15. f4 Bxd5 16. exd5 Nxd5 17. Bg3 {1-0 (66) Gelfand,B (2750)-Dominguez Perez,L (2713) Nice 2010}) 12... f5 13. exf5 Bxf5 14. a4 a5 15. Re1 {[#] Droht stark Lxe7!} Bf6 16. Bg3 Be6 17. Nd2 Qd7 18. Bf3 Bd5 19. Bxd5+ Nxd5 20. Ne4 b6 21. Qe2 Qc6 22. Ra3 Rae8 23. h4 Bg7 ({Günstiger ist} 23... e6 $15) 24. Nd2 $11 {[#]} e5 $1 {[%mdl 512]} 25. dxe5 Qc5 26. Nxc4 Nf4 27. Qe4 Bxe5 28. Nxe5 Nh5 29. Raa1 {Precision: Weiß = 52%, Schwarz = 80%.} 1/2-1/2